| 000 | 00560 a2200193 4500 | ||
|---|---|---|---|
| 001 | 62016 | ||
| 005 | 20260407155914.0 | ||
| 008 | 260407a1974 arg spa d | ||
| 003 | AR-UNSa-BCEJYS | ||
| 040 |
_aAR-UNSa-BCEJYS _bspa _cAR-UNSa-BCEJYS |
||
| 080 |
_a349.22:331.106 _xContrato de trabajo |
||
| 245 | 1 | 0 |
_aLey de contrato de trabajo _pTexto legal. Índice temático |
| 264 | 1 |
_aBuenos Aires : _bERGON _c1974 |
|
| 300 |
_a48 p. _c24 cm. |
||
| 041 | _aspa | ||
| 942 | _cBK | ||
| 590 | _aniveau_biblio:m niveau_hierar:0 | ||
| 100 | 1 | _aArgentina [Leyes, etc.] | |
| 999 |
_c7547 _d7547 |
||